00504nam a2200193 a 4500001001300000003000900013005001700022008004100039020000800080082001700088100003000105245001900135260005400154300000900208500003500217505001000252650001800262700003000280nice12345678IN_TiNIC20260116011738.0050524s0000 hyda grp 000 0 urd  ac700a297.52bSHA1 aShah, Sd Abdullah Naqshba aFazail-E-Namaz aHyderabad bMarkazi Anjuman Taleemus Salat c0000 a144p aincludes index and biblioraphy2 aIndex aIslam-Prayers1 aShah, Sd Abdullah Naqshba